Index pestúnskeho štátu 2023

Enregistré dans:
Détails bibliographiques
Auteur principal: Snowdon, Christopher
Collectivité auteur: EPICENTER
Autres auteurs: Ďurana, Radovan
Format: Livre
Langue:slovaque
Publié: Bratislava INESS - Inštitút ekonomických a spoločenských analýz 2023
Sujets:
Tags: Ajouter un tag
Pas de tags, Soyez le premier à ajouter un tag!

MARC

LEADER 00000nam a2200000 4500
001 0296871
005 20240416114213.0
041 0 |a slo 
044 |a SK 
245 1 0 |a Index pestúnskeho štátu 2023  |c Christopher Snowdon, Radovan Ďurana 
264 1 |a Bratislava  |b INESS - Inštitút ekonomických a spoločenských analýz  |c 2023 
300 |a 6 s. 
610 2 0 |a štýl životný 
610 2 0 |a kvalita života 
610 2 0 |a regulácia štátna 
610 2 0 |a správanie spotrebiteľa 
610 2 0 |a spotreba obyvateľstva 
610 2 0 |a zdaňovanie 
610 2 0 |a dane spotrebné 
610 2 0 |a potraviny 
610 2 0 |a nápoje nealkoholické 
610 2 0 |a nápoje alkoholické 
610 2 0 |a tabak 
610 2 0 |a starostlivosť o zdravie 
610 2 0 |a Európa 
610 2 0 |a Slovensko 
100 1 |a Snowdon, Christopher 
700 1 |a Ďurana, Radovan 
710 2 |a EPICENTER